Transformácia štátnych lesov alebo skupinové záujmy
Transformácia štátneho podniku Lesy SR na akciovú spoločnosť - jej pozitíva a negatíva. Les je zložitý ekologický systém, nie banka. Riziká transformácie a záujmové skupiny.
Gespeichert in:
| 1. Verfasser: | |
|---|---|
| Format: | Buchkapitel |
| Sprache: | Slowakisch |
| Schlagworte: | |
| Tags: |
Keine Tags, Fügen Sie das erste Tag hinzu!
|
MARC
| LEADER | 00000naa a2200000 4500 | ||
|---|---|---|---|
| 001 | r047090 | ||
| 005 | 20230925130441.4 | ||
| 041 | 0 | |a slo | |
| 044 | |a SK | ||
| 245 | 1 | 0 | |a Transformácia štátnych lesov alebo skupinové záujmy |c Ivan Kolenka |
| 520 | |a Transformácia štátneho podniku Lesy SR na akciovú spoločnosť - jej pozitíva a negatíva. Les je zložitý ekologický systém, nie banka. Riziká transformácie a záujmové skupiny. | ||
| 610 | 2 | 0 | |a lesy |
| 610 | 2 | 0 | |a lesníctvo |
| 610 | 2 | 0 | |a skupiny záujmové |
| 610 | 2 | 0 | |a hospodárstvo lesné |
| 610 | 2 | 0 | |a transformácia podniku |
| 610 | 2 | 0 | |a štát |
| 610 | 2 | 0 | |a Slovensko |
| 100 | 1 | |a Kolenka, Ivan | |